Fundamentals of internal combustion engines (Record no. 162478)

MARC details
000 -LEADER
fixed length control field 00479nam a2200157Ia 4500
008 - FIXED-LENGTH DATA ELEMENTS--GENERAL INFORMATION
fixed length control field 231217s9999 xx 000 0 und d
041 ## - LANGUAGE CODE
Language code of text/sound track or separate title English
082 ## - DEWEY DECIMAL CLASSIFICATION NUMBER
Classification number 621.43 GIL
100 ## - MAIN ENTRY--PERSONAL NAME
Personal name Gill, Paul W Smith, James H Ziurys, Eugene J
245 #0 - TITLE STATEMENT
Title Fundamentals of internal combustion engines
250 ## - EDITION STATEMENT
Edition statement 4th ed.
260 ## - PUBLICATION, DISTRIBUTION, ETC.
Date of publication, distribution, etc. 1967
Name of publisher, distributor, etc. New Delhi : Oxford/IBH,
300 ## - PHYSICAL DESCRIPTION
Extent xviii
650 ## - SUBJECT ADDED ENTRY--TOPICAL TERM
Topical term or geographic name entry element Internal combustion engines Gas turbine Jet propulsion power plants
942 ## - ADDED ENTRY ELEMENTS (KOHA)
Koha item type Books
Holdings
Date last seen Total checkouts Full call number Accession number Date due Date last checked out Cost, total (INR) price Price effective from Category Lost status Damaged status Department Withdrawn status Home library Current library Entry date Vendor Cost, normal purchase price Grants Billnumber Billdate Currency symbol Conversion rate Discount Old discount
02/04/2024 1 621.43 GIL 5122 19/09/2017 02/04/2024 72.25 26/01/2024 Books     Central Library   Central Library Central Library 22/12/1992 Educational Supplies 85.00 ME 19578 26/02/2010 RS 1 12.75 15

© For any Suggestions or Query, please contact the library staff @ librarian@pes.edu or Phone: +9180 2672 1983/ 2108.